000 01021nac a22002897a 4500
001 BR8602961
003 BR-BrBNA
005 20240105120427.0
008 230509b bl.|||m| |||| 00| 0 por d
040 _aBR-BrBNA
_bpor
_cBiblioteca Nacional de Agricultura
072 _aN10
090 _a4490 BR8602961
100 1 _aOliveira, M.C. de
100 1 _aAlbuquerque, S.G. de
110 1 _aCentro de Pesquisa Agropecuaria do Tropico Semi-Arido, Petrolina, PE (Brasil)
245 1 _aBalancins para cercas: maquina para confeccao e uso geral
246 1 _a[Swingle bars for fences: machine for building them and general usage]
260 3 _aPetrolina, PE (Brasil):
_c1985.
300 _a16 p.
490 _aComunicado Tecnico - Centro de Pesquisa Agropecuaria do Tropico Semi-Arido (Brazil)
_vno. 15
_xISSN 0100-6061
500 _a12 illus.
650 _aCERCA
650 _aINSTALACAO AGRICOLA
650 _aTECNOLOGIA APROPRIADA
909 _a202312
_bLúcia Elande
_c55
_dLúcia Elande
942 _2AGRIS
_n0
_cMS
999 _c279383
_d279383